Geschichte und Schicksale der Bibliothek Zappio-Johannitana in Gdańsk 1689-1945

Titel: Geschichte und Schicksale der Bibliothek Zappio-Johannitana in Gdańsk 1689-1945
Verfasser:
In: Musikalische Beziehungen zwischen Mitteldeutschland und Danzig im 18. Jahrhundert, (2002), Seite 181-196
alle Artikel anzeigen
Veröffentlicht: 2002
Format: Aufsatz
Sprache: Deutsch
Kein Bild verfügbar
X
alg: 39156065
001A    $01999:11-11-16 
001B    $01999:15-05-21 $t20:59:35.000 
001D    $01999:11-11-16 
001U    $0utf8 
001X    $00 
002@    $0Aox 
003@    $0391560654 
007A    $0391560654 $aHEB 
007T    $0Herd42541 
010@    $ager 
011@    $a2002 
021A    $aGeschichte und Schicksale der Bibliothek Zappio-Johannitana in Gdańsk 1689-1945 
028A    $aNowak $dZbigniew 
031A    $h181-196 $j2002 
039B    $aIn $8--Aau--. Musikalische Beziehungen zwischen Mitteldeutschland und Danzig im 18. Jahrhundert. - Sinzig : Studio-Verl., 2002. - 312 S.. - Ill., Notenbeisp.. - ISBN 3-89564-074-3 $x200200000000000819 $9104601892 
045F    $a307.094382 $eDDC23BSB 
045F/01 $a307.09 
045F/03 $g4382 
045F/03 $g43832 

lok: 39156065 78

exp: 39156065 78 1 #EPN
201B/01 $008-02-21 $t23:18:10.000 
201U/01 $0utf8 
203@/01 $0787654876 
208@/01 $a11-11-16 $be 
209A/01 $a/ $f000 $x00 
220C/01 $aTitelaufnehmer: ej;pg 
244Z/01 $2Trx $#Prusy Wschodnie i Zachodnie $8--Trx--Ost- und Westpreußen $x01 $939113373X 
244Z/01 $#Danzig $#Ville Libre de Danzig $#Dantzig $#Ville Libre de Dantzig $#Freistaat Danzig $#Gdańsk $#Freie Stadt Danzig $#Urząd Miejski w Gdańsku $#Gyddanzyc $#Gedanum $#Dantiscum $74011039-4 $8--Tg1--Danzig $x02 $9085022225 
244Z/01 $aGeschichte 1689-1945 $x03 
244Z/01 $71042214921 $8--Tp1--Zappio, Zacharias$Z1620-1680 $x04 $9331594919 
244Z/01 $#Schelguigius, Sam. $#Schelgwig, Samuel $#Schelwig, ... $#Schelguigus, Samuel $#Schelguig, Samuel $#Schelwing, Samuel $#Schelgvigius, Samuel $#Schelwigius, Samuel $#Schelguigius, Samuel $#Schelgvig, Samuel $#Schelguich, Samuel $#Schelgwing, Samuel $#Schellwig, Samuel $7104256621 $8--Tp1--Schelwig, Samuel$Z1643-1715 $x05 $9086824163 
244Z/01 $2Trx $#Schwichtenberg, Mikołaj $#Swichtenberg, Mikołaj $8--Trx--Schwichtenberg, Nikolaus$Z1435-1518 $x06 $9390573507 
244Z/01 $#Loeschin, Gotthilf $#Löschin, G. $#Löschin, Matthias Gotthilf $#Loeschin, Matthias Gotthilf $7128382597 $8--Tp1--Löschin, Gotthilf$Z1790-1868 $x07 $9158897749 
244Z/01 $2Trx $#raamatukogud üldised $#bibliotekos bendras $#Libraries general $#könyvtárak általános $#biblioteki ogólnie $#knižnice všeobecne $#knihovny všeobecně $8--Trx--Bibliotheken$gallgemein $x08 $9391362151 
244Z/01 $2Trx $8--Trx--Einzelbeiträge $x09 $9391384570 
245Z/01 $a13.03 $x01 
245Z/01 $a11.06 $x02 
247C/01 $82080>Marburg/Lahn, Herder-Institut, Forschungsbibliothek, Bibliographieportal $9336309341
LEADER 00000caa a22000002c 4500
001 391560654
003 DE-603
005 20210515205935.0
007 tu
008 161111s2002 xx |||| | u00||u|ger c
035 |a (DE-599)HEB391560654 
040 |a DE-603  |b ger  |c DE-603  |d DE-603 
041 |a ger 
082 0 4 |8 1\u  |a 307.094382  |q DE-101  |2 23/BSB 
085 |8 1\u  |b 307.09 
085 |8 1\u  |z 2  |s 4382 
085 |8 1\u  |z 2  |s 43832 
100 1 |a Nowak, Zbigniew 
245 0 0 |a Geschichte und Schicksale der Bibliothek Zappio-Johannitana in Gdańsk 1689-1945 
264 0 |c 2002 
773 0 8 |i In  |t Musikalische Beziehungen zwischen Mitteldeutschland und Danzig im 18. Jahrhundert  |d Sinzig : Studio-Verl., 2002  |h 312 S., Ill., Notenbeisp.  |z 3895640743  |g (2002), Seite 181-196  |w (DE-603)104601892 
924 0 |9 2080  |a (DE-603)787654876  |b DE-2080  |c HES  |d d  |g /